[Event "Verbandsliga Mittelrhein-Ost 1213"]
[Site "Germany"]
[Date "2012.09.30"]
[Round "2.7"]
[White "Frehen, Werner"]
[Black "Kuschel, Olaf"]
[Result "1/2-1/2"]
[WhiteElo "1902"]
[BlackElo "1743"]
[PlyCount "90"]
[EventDate "2012.09.09"]
[EventType "team"]
[EventRounds "11"]
[EventCountry "GER"]
[SourceTitle "EXT 2015"]
[Source "ChessBase"]
[SourceDate "2014.11.20"]
[SourceVersion "1"]
[SourceVersionDate "2014.11.20"]
[SourceQuality "1"]
[WhiteTeam "Niederkassel II"]
[BlackTeam "Hennef"]
[WhiteTeamCountry "GER"]
[BlackTeamCountry "GER"]

1. e4 e6 2. d4 d5 3. exd5 exd5 4. Nf3 Bd6 5. Bd3 Nf6 6. 0-0 0-0 7. Bg5 Nbd7 8. Nbd2 c6 9. c3 Qc7 10. Qc2 a5 11. Rfe1 h6 12. Bh4 b6 13. Bg3 Bxg3 14. hxg3 Ba6 15. Bxa6 Rxa6 16. Nh4 Raa8 17. Qf5 Rfe8 18. Nhf3 Rad8 19. Ne5 Nxe5 20. dxe5 Nd7 21. f4 Nf8 22. Nf3 Ne6 23. Rad1 b5 24. Qg4 Nc5 25. Nd4 Kh7 26. Nf5 Rg8 27. Nd6 Rdf8 28. Nf5 b4 29. Nd4 bxc3 30. bxc3 Ne4 31. Rc1 g6 32. Kh2 h5 33. Qd1 Nf2 34. Qc2 Ng4+ 35. Kh1 c5 36. Nf3 Rd8 37. Rb1 Rb8 38. Rb3 c4 39. Rbb1 Qc5 40. Nd4 Rgf8 41. Rxb8 Rxb8 42. f5 Qc7 43. fxg6+ fxg6 44. Nf3 Re8 45. Qd2 Qc5 1/2-1/2